| 000 | 00711nam a22002297a 4500 | ||
|---|---|---|---|
| 005 | 20170124110031.0 | ||
| 010 | _aB-209641 | ||
| 020 |
_c700.00 _a8180470032 |
||
| 035 | _aB-209641 | ||
| 037 | _bCen Lib/Ret | ||
| 040 |
_adpl _bEN |
||
| 082 |
_a380.1422512 _bGOY |
||
| 100 |
_aGoyal, Gagan _921791 |
||
| 245 |
_aMarble industry of Rajasthan / _cby Gagan Goyal |
||
| 260 |
_bJaipur Publishing House _c2003 _aJaipur |
||
| 270 |
_aChaura Rasta _bJaipur _e302 003 |
||
| 300 |
_a360p. : _c22cm(Hb) _bill. |
||
| 500 | _aIncludes bibliographical references and index | ||
| 650 |
_aInternational Commerce. _988905 |
||
| 650 |
_aIndutries of Jaipur. _921793 |
||
| 942 |
_2ddc _cEN _h380.1422512 _mGOY |
||
| 999 |
_c127875 _d127875 |
||